AH International Schools' Libraries

The (ferocious) chocolate wolf / (Record no. 47911)

MARC details
000 -LEADER
fixed length control field 00339nam a2200121 4500
020 ## - INTERNATIONAL STANDARD BOOK NUMBER
International Standard Book Number 9780993553790
100 ## - MAIN ENTRY--PERSONAL NAME
Personal name Finlay, Lizzie
9 (RLIN) 39271
245 ## - TITLE STATEMENT
Title The (ferocious) chocolate wolf /
Statement of responsibility, etc Lizzie Finlay
260 ## - PUBLICATION, DISTRIBUTION, ETC. (IMPRINT)
Place of publication, distribution, etc London
Name of publisher, distributor, etc Five Quills
Date of publication, distribution, etc 2020
300 ## - PHYSICAL DESCRIPTION
Extent unpaged.
Other physical details col. ill.
Dimensions 29 cm.
650 ## - SUBJECT ADDED ENTRY--TOPICAL TERM
Topical term or geographic name as entry element Juvenile Fiction
9 (RLIN) 46924
942 ## - ADDED ENTRY ELEMENTS (KOHA)
Source of classification or shelving scheme
Koha item type Book
Holdings
Withdrawn status Lost status Source of classification or shelving scheme Damaged status Not for loan Collection code Home library Current library Date acquired Total Checkouts Full call number Barcode Date last seen Date checked out Price effective from Koha item type
          Primary Asian Hope Primary Library Asian Hope Primary Library 11/21/2024 12 E FIN 207132 04/28/2026 04/21/2026 11/21/2024 Book

For any Logos Library related questions please contact Miss Art at swongnarasuk@asianhope.org.

For any Asian Hope Library related questions please contact Miss Raza at graza@asianhope.org.

Powered by Koha